000 00578nam a2200193Ia 4500
005 20260114185810.0
008 008 260114s9999 xx 000 0 eng d
020 _a9781350219397
037 _aEBOOK
040 _aCRL
_beng
_cCRL
041 _aeng
_2eng
084 _qCRL
100 _aElena Zaytseva and Alex Anikina
_9874528
245 0 _aCosmic Shift Russian Contemporary Art Writing
260 _bBloomsbury
_c2017
856 _uhttps://doi.org/10.5040/9781350219397?locatt=label:secondary_bloomsburyCollections
942 _cEBOOK
999 _c1473462
_d1473462